000 00430nam a22001457a 4500
008 230306b |||||||| |||| 00| 0 eng d
020 _a978-1-324-02046-2
082 _a332.1
100 _aBen S. Bernanke
245 _a21st century monetary policy:
_bThe federal reserve from the great inflation to COVID-19
260 _bW.W. Norton & Company,
_c2022
300 _a480 p.
_c24 cm
942 _2ddc
999 _c9408
_d9409